Lenguaje y Comunicación 1º Básico: cuaderno de escritura
I tiakina i:
| Ngā kaituhi matua: | , , |
|---|---|
| Hōputu: | Pukapuka |
| Reo: | Pāniora |
| I whakaputaina: |
Santiago
Santillana del Pacífico S. A
2012
|
| Putanga: | 4a. ed |
| Ngā marau: | |
| Ngā Tūtohu: |
Tāpirihia he Tūtohu
Kāore He Tūtohu, Me noho koe te mea tuatahi ki te tūtohu i tēnei pūkete!
|
MARC
| LEADER | 00000cam a2200000 a 4500 | ||
|---|---|---|---|
| 001 | UCD9790 | ||
| 003 | CL-VaPUC | ||
| 008 | 170709e20120000cl |||||||||||||||||spa|d | ||
| 020 | |a 9789561520455 | ||
| 082 | 0 | 4 | |a 372.6 |b PLO |2 21 |
| 100 | 0 | |a Plominsky Clavería, Amelia |e author |9 593496 | |
| 700 | 0 | |a Seleme Carmona, Karina |e author |9 593497 | |
| 700 | 0 | |a Vicuña Iturriaga, Catalina |e author |9 593498 | |
| 245 | 1 | 0 | |a Lenguaje y Comunicación 1º Básico: cuaderno de escritura |
| 250 | |a 4a. ed | ||
| 300 | |a 95 p | ||
| 942 | |c BK | ||
| 945 | |d 20170709 17:01:00 |a dcastane | ||
| 260 | |a Santiago |b Santillana del Pacífico S. A |c 2012 | ||
| 650 | 0 | |a Lenguaje y comunicación |9 395921 | |
| 650 | 0 | |a Enseñanza de la escritura |9 307377 | |
| 650 | 0 | |a Educación básica |9 224933 | |
| 650 | 0 | |a Métodos de enseñanza |9 270413 | |
| 583 | |a last modification |c 20170709 17:01:00 |k Rodrigo Vera | ||
| 999 | |c 368809 |d 368807 | ||
| 952 | |0 0 |1 0 |3 erb |4 0 |6 372_600000000000000_PLO_2012 |7 0 |8 A |9 484251 |a BIBEDU |b BIBEDU |i 5404460 |o 372.6 PLO 2012 |p 5404460 |r 2019-11-24 |w 2019-11-24 |y BK |z Catalogado en:20170709 |k EPE | ||